High-technology ceramics past, present, and future : The nature of innovation and change in ceramic technology

The history of technology contextual contrasts: recent trends in the history of technology. Specific examples of high-technology ceramic innovations Egyptian faience: the first high-tech ceramic. Refractories in the ancient and preindustrial world innovation and change in ancient technologies: the a...

সম্পূর্ণ বিবরণ

সংরক্ষণ করুন:
গ্রন্থ-পঞ্জীর বিবরন
বিন্যাস: গ্রন্থ
ভাষা:Undetermined
প্রকাশিত: Westerville, O.H. American Ceramic Society 1986
বিষয়গুলি:
ট্যাগগুলো: ট্যাগ যুক্ত করুন
কোনো ট্যাগ নেই, প্রথমজন হিসাবে ট্যাগ করুন!
Thư viện lưu trữ: Trung tâm Học liệu Trường Đại học Cần Thơ
LEADER 01103nam a2200217Ia 4500
001 CTU_229096
008 210402s9999 xx 000 0 und d
082 |a 666.09 
082 |b H638/Vol.3 
245 0 |a High-technology ceramics past, present, and future : 
245 4 |b The nature of innovation and change in ceramic technology 
245 0 |c Edited by W. D. Kingery ; Associate editor, Esther Lense 
260 |a Westerville, O.H. 
260 |b American Ceramic Society 
260 |c 1986 
520 |a The history of technology contextual contrasts: recent trends in the history of technology. Specific examples of high-technology ceramic innovations Egyptian faience: the first high-tech ceramic. Refractories in the ancient and preindustrial world innovation and change in ancient technologies: the anomalous case of the Roman glass industry. Roman concrete and the Roman architectural revolution... 
650 |a Gốm sứ,Ceramics 
650 |x Hội nghị,Congresses 
904 |i Nguyễn Kim Nga 
910 |b dqhieu 
980 |a Trung tâm Học liệu Trường Đại học Cần Thơ